000 01076cam a2200277zu 4500
001 88807675
003 FRCYB88807675
005 20251020124053.0
006 m o d
007 cr un
008 251020s2010 fr | o|||||0|0|||fre d
020 _a9782247090044
035 _aFRCYB88807675
040 _aFR-PaCSA
_bfr
_c
_erda
100 1 _aBoniface, Pascal
245 0 1 _aLes relations internationales de 1945 à nos jours
_c['Boniface, Pascal']
264 1 _bDalloz
_c2010
300 _a p.
336 _btxt
_2rdacontent
337 _bc
_2rdamdedia
338 _bc
_2rdacarrier
650 0 _a
700 0 _aBoniface, Pascal
856 4 0 _2Cyberlibris
_uhttps://international.scholarvox.com/netsen/book/88807675
_qtext/html
_a
520 _aEn sept chapitres clairs et synthétiques, ce manuel permet aux étudiants d'avoir une vision globale des relations internationales depuis 1945, d'en appréhender les mécanismes et de disposer des clefs qui permettent de comprendre les grands défis internationaux du début du XXIe siècle.
999 _c1556288
_d1556288